Responses for show #716 - Monday, October 19, 1987

Contestants

[<< previous game]

Mark Allen, a special projects manager originally from New York City

Tim Dicarlo, a student originally from Niagara Falls, New York

Judith Seeger, an associate research engineer from Mountain View, California (whose 2-day cash winnings total $14,699)

[next game >>]

Jeopardy! Round responses

FAMOUS BROTHERS
SCIENCE
WHITE HOUSE WHEELS
PLAYS
"ONLY" SONGS
RHYME TIME
    $100 16
James Brothers

Tim
    $100 11
salt water

Tim
    $100 14
J. Edgar Hoover

Judith
    $100 15
Bela Lugosi

Mark
    $100 3
only you

Mark
    $100 1
near beer

Judith
    $200 17
Wright Brothers

Judith
    $200 12
lightning

Tim
    $200 27
Franklin Roosevelt

Judith
    $200 18
Our Town

Judith
    $200 7
"We've Only Just Begun"

Judith
    $200 2
tall wall

Judith
    $300 20
Osmonds

Tim
    $300 13
hares

Tim
    $300 28
chauffeur

Tim
    $300 19
Noël Coward

Mark
    $300 8
(Judith: Who are the lonely? [*].)

"Only the Lonely"

Judith
    $300 4
dead head

Mark
    $400 21
Brothers Karamazov

Judith
    $400 24
spores

Judith
    $400 29
Secret Service agents

Tim
    $400 23
Charing Cross Road

Mark
    $400 9
only sixteen

Judith
    $400 5
bee's knees

Tim
    $500 22
(Tim: Who are Bach Brothers?)

Brothers Grimm

Tim
Triple Stumper
    $2,000 26
(Alex: [**] is Sb & [*] is Pb. We've got less than a minute to go in this round.)

lead* & antimony**

Judith
    $500 30
horse & carriage (horse drawn carriage)

Judith
    $500 25
Toreadors

Judith
    $500 10
"For Your Eyes Only"

Mark
    $500 6
ten men

Judith

Scores at the first commercial break (after clue 13):

Judith Tim Mark
$1,700 $1,000 $900

Scores at the end of the Jeopardy! Round:

Judith Tim Mark
$6,200 $1,600 $1,700

Double Jeopardy! Round responses

EARLY AMERICA
THE MIDDLE EAST
10-LETTER WORDS
REPTILES
WEIGHTS & MEASURES
THE MOVIES
    $200 6
pimentos

Mark
    $200 1
Alexandria

Judith
    $200 13
elementary

Mark
    $200 2
snakes

Mark
    $200 14
ounces

Mark
    $200 3
Marilyn Monroe

Judith
    $400 5
Tigris & Euphrates

Judith
    $400 19
microscope

Mark
    $400 24
gila monster

Mark
    $400 15
furlong

Judith
    $400 4
Morocco

Tim
    $600 8
United Arab Emirates

Tim
    $1,500 20
(Alex: "My Girl" was the popular song of course.)

temptation

Mark
    $600 18
Africa

Judith
    $600 16
liters

Mark
    $600 7
Little Women

Tim
    $800 9
(Judith: What is Mandalay?)

Suez

Judith
Triple Stumper
    $800 21
Chardonnay

Tim
    $800 25
(Mark: What are the eyes?)
(Alex: Be more specific.)
(Mark: What are...)
(Alex: Sorry.)

pupils

JudithMark
    $800 17
(Tim: What is avoirdupois?)
(Judith: What is troy?)

apothecary's

JudithTim
Triple Stumper
    $800 11
Elvis Presley

Judith
    $5,000 27
(1 of) Thomas Jefferson (or John Adams)

Tim
    $1000 10
Rafsanjani

Tim
    $1000 22
permafrost

Tim
    $1000 26
(Tim: What are turtles?)
(Alex: Be more specific.)
(Tim: [*].)

(giant) tortoises

Tim
    $1000 23
metric

Judith
    $1000 12
H.G. Wells

Judith

Scores at the end of the Double Jeopardy! Round:

Judith Tim Mark
$10,000 $11,200 $4,600

[wagering suggestions for these scores]

Final Jeopardy! Round responses

MYTHOLOGY
MarkWhat is a rope?
$1,600
JudithWhat was the Gordian knot?
$7,500
TimWhat is
$6,200
Gordian knot

Final scores:

Judith Tim Mark
$17,500 $5,000 $3,000
3-day champion: $32,199 2nd place: SoundDesign home entertainment center & Sam Moore wing chair 3rd place: Stained Glass Overlay

Game dynamics:

Coryat scores:

Judith Tim Mark
$8,500 $7,200 $3,700
24 R
(including 1 DD),
2 W
16 R
(including 1 DD),
2 W
14 R
(including 1 DD),
1 W

Combined Coryat: $19,400

The J! Archive is created by fans, for fans. The Jeopardy! game show and all elements thereof, including but not limited to copyright and trademark thereto, are the property of Jeopardy Productions, Inc. and are protected under law. This website is not affiliated with, sponsored by, or operated by Jeopardy Productions, Inc. Join the discussion at JBoard.tv.